[Event "XIV Festival A"]
[Site "Campobasso ITA"]
[Date "2007.07.21"]
[Round "4"]
[White "Zimina, Olga"]
[Black "Cordi', Domenico"]
[Result "1-0"]
[WhiteElo "2377"]
[BlackElo "2062"]
[PlyCount "65"]
[EventDate "2007.07.20"]

1. e4 c5 2. Nf3 d6 3. d4 cxd4 4. Nxd4 Nf6 5. Nc3 a6 6. Be3 e5 7. Nb3 Be6 8. f3
Nbd7 9. g4 Nb6 10. Qd2 Qc7 11. O-O-O O-O-O 12. Qf2 Nfd7 13. Kb1 Be7 14. Nd5
Bxd5 15. exd5 Kb8 16. c4 Rc8 17. Rc1 Nc5 18. h4 Nbd7 19. Qc2 h6 20. Bd3 Nxd3
21. Qxd3 Nc5 22. Bxc5 dxc5 23. Nd2 Qd8 24. Qf5 f6 25. Ne4 Bd6 26. Qe6 Kc7 27.
g5 fxg5 28. hxg5 Qd7 29. Qg6 h5 30. Rce1 Rcf8 31. Nxd6 Qxd6 32. Qxg7+ Qd7 33.
Qxe5+ 1-0

[Event "XIV Festival A"]
[Site "Campobasso ITA"]
[Date "2007.07.22"]
[Round "5"]
[White "Amato, Andrea"]
[Black "Scerbo, Antonio"]
[Result "1-0"]
[WhiteElo "2267"]
[BlackElo "2100"]
[PlyCount "67"]
[EventDate "2007.07.20"]

1. e4 c5 2. Nf3 Nc6 3. d4 cxd4 4. Nxd4 Nf6 5. Nc3 e5 6. Ndb5 d6 7. Bg5 a6 8.
Na3 b5 9. Bxf6 gxf6 10. Nd5 Bg7 11. c3 Ne7 12. Nxe7 Qxe7 13. Nc2 f5 14. exf5
O-O 15. Ne3 Bb7 16. Qb3 d5 17. Nxd5 Bxd5 18. Qxd5 Rad8 19. Qe4 Bh6 20. Bd3 Rxd3
21. Qxd3 Rd8 22. Qg3+ Kh8 23. O-O Rg8 24. Qh3 Bf4 25. Rad1 Rb8 26. Rd5 Rb6 27.
Rfd1 Rb8 28. Rd7 Qe8 29. Qh4 Kg7 30. f6+ Kh8 31. Qg4 Bh6 32. Qh5 Bf4 33. Rxf7
Qg8 34. Rg7 1-0

[Event "XIV Festival A"]
[Site "Campobasso ITA"]
[Date "2007.07.22"]
[Round "5"]
[White "Basaric, Srdjan"]
[Black "Cordi', Domenico"]
[Result "0-1"]
[WhiteElo "2020"]
[BlackElo "2062"]
[PlyCount "110"]
[EventDate "2007.07.20"]

1. e4 c5 2. Nc3 d6 3. g3 Nc6 4. Bg2 g6 5. d3 Bg7 6. Be3 e6 7. Qd2 Nge7 8. Bh6
Bxh6 9. Qxh6 Nd4 10. Qd2 Nec6 11. Nd1 Qa5 12. Ne3 Rb8 13. f4 Bd7 14. Qxa5 Nxa5
15. c3 Ndc6 16. Nf3 b5 17. d4 cxd4 18. Nxd4 Nxd4 19. cxd4 Ke7 20. Kf2 Rhc8 21.
Rac1 Rxc1 22. Rxc1 Rc8 23. Rxc8 Bxc8 24. e5 Bb7 25. b4 Bxg2 26. bxa5 Be4 27.
Ng4 b4 28. Ke3 Bb1 29. Kd2 Bxa2 30. Kc2 d5 31. Ne3 Kd7 32. Kb2 Bc4 33. Nc2 Kc6
34. Nxb4+ Kb5 35. Kc3 h5 36. a6 Be2 37. Kb3 Kb6 38. Ka4 Bxa6 39. Nc2 Be2 40.
Ne3 a5 41. h3 Bf3 42. g4 hxg4 43. hxg4 Be4 44. Ka3 Kb5 45. Kb3 Bf3 46. f5 gxf5
47. gxf5 Be4 48. f6 Bf3 49. Nf5 Bd1+ 50. Kc3 Bh5 51. Nd6+ Ka4 52. Nb7 Bg6 53.
Nd8 Ka3 54. Nb7 a4 55. Nc5 Bf5 0-1

[Event "XIV Festival A"]
[Site "Campobasso ITA"]
[Date "2007.07.22"]
[Round "5"]
[White "Bottega, Antonio"]
[Black "Castellano, Alfonso"]
[Result "1/2-1/2"]
[WhiteElo "1986"]
[BlackElo "1903"]
[PlyCount "69"]
[EventDate "2007.07.20"]

1. d4 Nf6 2. Nf3 g6 3. Nbd2 Bg7 4. b3 c5 5. c3 b6 6. e3 Bb7 7. Bd3 d5 8. Qe2
Nbd7 9. Bb2 Qc7 10. O-O O-O 11. c4 e6 12. Rac1 Rfe8 13. Ne5 Rac8 14. f4 Ne4 15.
Bxe4 dxe4 16. Ng4 Qd8 17. Nf2 f5 18. g4 Kf7 19. Rfd1 Qh4 20. Nf1 Rcd8 21. Ng3
Nb8 22. g5 h6 23. d5 e5 24. Rf1 Kg8 25. fxe5 Bxe5 26. Bxe5 Rxe5 27. gxh6 Qxh6
28. Kg2 Rd7 29. Rh1 Rg7 30. Nh3 g5 31. Rcf1 Rh7 32. Nf2 Nd7 33. Qb2 Qg6 34. Nh3
Qh6 35. Nf2 1/2-1/2

[Event "XIV Festival A"]
[Site "Campobasso ITA"]
[Date "2007.07.22"]
[Round "5"]
[White "Capuano, Francesca"]
[Black "Improta, Giovanni"]
[Result "0-1"]
[WhiteElo "1934"]
[BlackElo "1935"]
[PlyCount "87"]
[EventDate "2007.07.20"]

1. d4 g6 2. Nf3 Bg7 3. c4 c5 4. e3 cxd4 5. exd4 Nc6 6. Nc3 d6 7. h3 Bd7 8. Be3
Nh6 9. d5 Ne5 10. Nxe5 dxe5 11. Bd3 f5 12. f4 Nf7 13. Qd2 Qa5 14. a3 Rc8 15. b4
Qd8 16. Rc1 a6 17. c5 e6 18. d6 exf4 19. Bxf4 e5 20. Be3 O-O 21. Bb1 Kh8 22.
Nd5 Qh4+ 23. Qf2 Qxf2+ 24. Kxf2 f4 25. Bd2 Ng5 26. Nb6 Rcd8 27. Nxd7 Rxd7 28.
Rce1 Ne6 29. Be4 Nd4 30. a4 Bf6 31. h4 Kg7 32. Bc3 Nf5 33. Rd1 Ng3 34. Rh3
Nxe4+ 35. Kg1 Nxc3 36. Rxc3 e4 37. Rc4 Re8 38. b5 axb5 39. axb5 e3 40. Rxf4 e2
41. Re1 Bc3 42. Kf2 Bxe1+ 43. Kxe1 Rdd8 44. Rd4 0-1

[Event "XIV Festival A"]
[Site "Campobasso ITA"]
[Date "2007.07.22"]
[Round "5"]
[White "De Carlo, Fabio"]
[Black "Bocci, Alessandro"]
[Result "0-1"]
[WhiteElo "2070"]
[BlackElo "1929"]
[PlyCount "90"]
[EventDate "2007.07.20"]

1. c4 Nf6 2. Nc3 g6 3. e4 d6 4. d3 Bg7 5. Nge2 O-O 6. g3 c5 7. Bg2 Nc6 8. O-O
Ne8 9. Be3 Nc7 10. Qd2 Ne6 11. Bh6 Ned4 12. Bxg7 Kxg7 13. Nd5 Bg4 14. f3 Be6
15. Rab1 Bxd5 16. cxd5 Nxe2+ 17. Qxe2 Nd4 18. Qd2 Qc7 19. f4 f5 20. Rfe1 Rab8
21. Rbc1 Qd7 22. e5 Rfe8 23. e6 Qa4 24. b3 Qa3 25. h3 a5 26. g4 b5 27. gxf5
gxf5 28. Kh1 Kh8 29. Qe3 a4 30. Bf3 Nxf3 31. Qxf3 axb3 32. axb3 Qxb3 33. Rg1
Rg8 34. Rg5 Qb2 35. Rcg1 Rxg5 36. fxg5 Qe5 37. Qh5 Qg7 38. h4 b4 39. Qd1 b3 40.
h5 b2 41. Qb1 Qd4 42. Rg2 Qxd5 43. g6 hxg6 44. hxg6 Kg7 45. Kg1 Qxd3 0-1

[Event "XIV Festival A"]
[Site "Campobasso ITA"]
[Date "2007.07.22"]
[Round "5"]
[White "De Leon Cultri Fascetti, Angelo"]
[Black "Bitossi, Massimo"]
[Result "1-0"]
[WhiteElo "2010"]
[BlackElo "1892"]
[PlyCount "111"]
[EventDate "2007.07.20"]

1. d4 Nf6 2. Bg5 Ne4 3. Bf4 c5 4. f3 Nf6 5. dxc5 Nc6 6. e4 Qa5+ 7. Nc3 a6 8.
Qd2 Qxc5 9. O-O-O b5 10. Be3 Qb4 11. Bb6 e6 12. a3 Qe7 13. Bc7 b4 14. axb4 Qxb4
15. Bd6 Bxd6 16. Qxd6 Qxd6 17. Rxd6 Ke7 18. Rd2 Rd8 19. Bc4 Bb7 20. Nge2 d6 21.
Rhd1 Ne8 22. b3 Ne5 23. Bd3 Nc7 24. Kb2 d5 25. exd5 Nxd5 26. Be4 Nxc3 27. Nxc3
Bxe4 28. Nxe4 Rxd2 29. Rxd2 Rb8 30. Rd4 Rb5 31. c4 Rb6 32. Kc3 a5 33. Nc5 Rd6
34. Rxd6 Kxd6 35. Nb7+ Kc6 36. Nxa5+ Kb6 37. b4 g5 38. Kd4 f6 39. Nb3 h5 40.
Nc5 Nc6+ 41. Kc3 Ne7 42. Nd7+ Kc6 43. Nxf6 h4 44. Ne4 Ng6 45. b5+ Kb6 46. Kb4
Nf4 47. c5+ Kc7 48. Nxg5 e5 49. g3 hxg3 50. hxg3 Ne2 51. g4 Nd4 52. Kc4 Kd7 53.
c6+ Kd6 54. Ne4+ Kc7 55. g5 Ne6 56. Kd5 1-0

[Event "XIV Festival A"]
[Site "Campobasso ITA"]
[Date "2007.07.22"]
[Round "5"]
[White "De Toma, Francesco"]
[Black "Borino, Paolo"]
[Result "1-0"]
[WhiteElo "1744"]
[BlackElo "1968"]
[PlyCount "39"]
[EventDate "2007.07.20"]

1. e4 d6 2. d4 Nf6 3. Nc3 c6 4. f4 Qa5 5. Bd2 Nbd7 6. Nf3 Qc7 7. Be2 e5 8. O-O
b5 9. fxe5 dxe5 10. Nxe5 Nxe5 11. dxe5 Qxe5 12. Bf4 Bc5+ 13. Kh1 Qe6 14. e5 Nd7
15. Bg4 Qe7 16. e6 fxe6 17. Bxe6 Rf8 18. Bb3 Kd8 19. Nd5 cxd5 20. Bxd5 1-0

[Event "XIV Festival A"]
[Site "Campobasso ITA"]
[Date "2007.07.22"]
[Round "5"]
[White "Di Gianni, Rocco"]
[Black "Canelli, Daniele"]
[Result "1-0"]
[WhiteElo "2136"]
[BlackElo "2054"]
[PlyCount "49"]
[EventDate "2007.07.20"]

1. e4 c5 2. Nc3 Nc6 3. g3 e6 4. Bg2 Be7 5. Nge2 Nd4 6. d3 Nf6 7. Be3 e5 8. h3
h6 9. Qd2 d6 10. f4 Bd7 11. O-O b5 12. fxe5 dxe5 13. Nd5 Nxd5 14. exd5 Bd6 15.
Rae1 O-O 16. Nxd4 cxd4 17. Bxh6 gxh6 18. Qxh6 f6 19. Qg6+ Kh8 20. Re4 f5 21.
Rh4+ Qxh4 22. gxh4 Be7 23. d6 Bf6 24. Qh6+ Kg8 25. Bd5+ 1-0

[Event "XIV Festival A"]
[Site "Campobasso ITA"]
[Date "2007.07.22"]
[Round "5"]
[White "Di Lascio, Savino"]
[Black "Mazza, Daniele"]
[Result "1-0"]
[WhiteElo "2014"]
[BlackElo "1757"]
[PlyCount "111"]
[EventDate "2007.07.20"]

1. Nf3 Nf6 2. g3 g6 3. Bg2 Bg7 4. d3 c5 5. e4 d6 6. O-O O-O 7. c3 Nc6 8. Qe2
Bg4 9. h3 Bxf3 10. Qxf3 Qc7 11. Na3 a6 12. Re1 b5 13. Qe2 Rab8 14. f4 e5 15. f5
Ne7 16. g4 gxf5 17. exf5 Ne8 18. Rf1 f6 19. Nc2 b4 20. Ne3 bxc3 21. bxc3 Qa5
22. Bd2 Nc7 23. Nc4 Qa4 24. Nxd6 Rfd8 25. Nb7 Rdc8 26. Nxc5 Qa3 27. d4 Rb2 28.
Qc4+ Kh8 29. Bc1 exd4 30. Bxb2 Qxb2 31. cxd4 Nb5 32. Rae1 Bf8 33. Rf2 Qxd4 34.
Qxd4 Nxd4 35. Ne6 Nxe6 36. Rxe6 Ng8 37. Rfe2 Rc1+ 38. Bf1 a5 39. Kg2 Kg7 40.
Rd2 Rc7 41. Bb5 Bb4 42. Rd7+ Rxd7 43. Bxd7 Ne7 44. g5 Nxf5 45. gxf6+ Kf7 46.
Re4 Nd6 47. Re7+ Kxf6 48. Rxh7 Kg6 49. Rh4 Kg5 50. Rg4+ Kh5 51. Kf3 Kh6 52. Ke3
Bc5+ 53. Kd3 Bb4 54. Kd4 Kh7 55. Kd5 Kh6 56. Rxb4 1-0

[Event "XIV Festival A"]
[Site "Campobasso ITA"]
[Date "2007.07.22"]
[Round "5"]
[White "Fagnani, Alessandro"]
[Black "Chicco, Giancarlo"]
[Result "1-0"]
[WhiteElo "1860"]
[BlackElo "1658"]
[PlyCount "66"]
[EventDate "2007.07.20"]

1. e4 b6 2. Nc3 Bb7 3. d4 g6 4. f4 Bg7 5. Nf3 e6 6. Bd3 d6 7. e5 Ne7 8. Be3 Nd7
9. h4 Nf5 10. Bf2 h6 11. h5 a6 12. Qe2 d5 13. hxg6 fxg6 14. Nh4 Nf8 15. Qg4
Nxh4 16. Bxh4 Qd7 17. Bxg6+ Nxg6 18. Qxg6+ Qf7 19. Qxf7+ Kxf7 20. O-O-O c6 21.
Rdf1 Raf8 22. f5 exf5 23. Rxf5+ Ke6 24. Rxf8 Rxf8 25. Ne2 b5 26. g3 Bxe5 27.
dxe5 Kxe5 28. Nf4 Rxf4 29. gxf4+ Kxf4 30. Be7 Bc8 31. Rxh6 Bg4 32. Rxc6 a5 33.
Rc5 Ke4 1-0

[Event "XIV Festival A"]
[Site "Campobasso ITA"]
[Date "2007.07.22"]
[Round "5"]
[White "Ficco, Corrado"]
[Black "Ljubisavljevic, Zivojin Z."]
[Result "0-1"]
[WhiteElo "2158"]
[BlackElo "2296"]
[PlyCount "72"]
[EventDate "2007.07.20"]

1. e4 Nc6 2. d4 d6 3. f4 e5 4. Nf3 Bg4 5. Bb5 Bxf3 6. Qxf3 exd4 7. O-O Nge7 8.
f5 Qd7 9. c3 dxc3 10. Nxc3 a6 11. f6 Ng6 12. Bxc6 bxc6 13. Bf4 gxf6 14. Rad1
Bg7 15. Qh5 Qe7 16. Bg3 Rb8 17. b3 Kf8 18. Kh1 Kg8 19. Rf5 h6 20. Ra5 f5 21. e5
f4 22. exd6 cxd6 23. Be1 Re8 24. h3 Qxe1+ 25. Rxe1 Rxe1+ 26. Kh2 Bxc3 27. Rxa6
Be5 28. Qf3 Re3 29. Qxc6 Kg7 30. Kg1 Rg3 31. Kf1 Nh4 32. b4 Nxg2 33. b5 Ne3+
34. Ke2 Nf5 35. Qd7 f3+ 36. Kf1 Bd4 0-1

[Event "XIV Festival A"]
[Site "Campobasso ITA"]
[Date "2007.07.22"]
[Round "5"]
[White "Gatti, Francesco"]
[Black "Sannino, Raffaele"]
[Result "0-1"]
[WhiteElo "1760"]
[BlackElo "2037"]
[PlyCount "62"]
[EventDate "2007.07.20"]

1. e4 g6 2. d4 Bg7 3. Nc3 c6 4. f4 d5 5. e5 Nh6 6. h3 O-O 7. Bd3 f6 8. Nf3 fxe5
9. Nxe5 Nd7 10. Qe2 Nxe5 11. fxe5 Qb6 12. Be3 Bf5 13. b3 Bxd3 14. Qxd3 Nf5 15.
Ne2 c5 16. c3 Rac8 17. g4 c4 18. Qb1 Nh4 19. b4 Rf3 20. Bg5 Ng2+ 21. Kd2 Rd3+
22. Kc2 Ne3+ 23. Bxe3 Rxe3 24. Rh2 Rf8 25. g5 Qe6 26. a4 Rxh3 27. Rg2 Rff3 28.
Kb2 Qf5 29. Qxf5 gxf5 30. Rag1 e6 31. b5 Bf8 0-1

[Event "XIV Festival A"]
[Site "Campobasso ITA"]
[Date "2007.07.22"]
[Round "5"]
[White "Gerardi, Saverio"]
[Black "Zimina, Olga"]
[Result "1/2-1/2"]
[WhiteElo "2130"]
[BlackElo "2377"]
[PlyCount "95"]
[EventDate "2007.07.20"]

1. e4 e5 2. Nc3 Nc6 3. Nf3 Nf6 4. Bc4 Bc5 5. d3 d6 6. h3 a6 7. a3 Be6 8. Bxe6
fxe6 9. Be3 Bxe3 10. fxe3 O-O 11. Qd2 b5 12. Ne2 a5 13. O-O a4 14. Nc3 Rb8 15.
d4 h6 16. Qd3 Qd7 17. Rad1 b4 18. Nxa4 bxa3 19. bxa3 Nxd4 20. Nc5 Nxf3+ 21.
Rxf3 Qc6 22. Na6 Ra8 23. Nb4 Qa4 24. Qc4 Qd7 25. Rd3 Nh5 26. Nc6 Rxf3 27. Nxe5
Rf1+ 28. Kxf1 Rf8+ 29. Kg1 Qe8 30. Ng4 Ng3 31. Rd2 h5 32. Nf2 Qf7 33. a4 Ra8
34. c3 h4 35. e5 Nf5 36. exd6 cxd6 37. e4 Ng3 38. e5 Rb8 39. Qg4 d5 40. Qxh4
Rb1+ 41. Nd1 Qf1+ 42. Kh2 Ne2 43. Qd8+ Kf7 44. Qd7+ Kg6 45. Qe8+ Kh6 46. Qh8+
Kg6 47. Qe8+ Kh6 48. Qh8+ 1/2-1/2

[Event "XIV Festival A"]
[Site "Campobasso ITA"]
[Date "2007.07.22"]
[Round "5"]
[White "Grasso, Nino"]
[Black "Petruccioli, Antonio"]
[Result "0-1"]
[WhiteElo "1981"]
[BlackElo "2100"]
[PlyCount "78"]
[EventDate "2007.07.20"]

1. e4 c5 2. d4 cxd4 3. c3 dxc3 4. Nxc3 d6 5. Nf3 Nc6 6. Bc4 e6 7. O-O a6 8. Qe2
Nf6 9. Rd1 Bd7 10. a3 Rc8 11. Bf4 e5 12. Bg5 h6 13. Bxf6 Qxf6 14. Nd5 Qd8 15.
b4 Bg4 16. Ne3 Be6 17. b5 Bxc4 18. Nxc4 axb5 19. Ncxe5 Qb6 20. Qd3 Be7 21. Rab1
Rd8 22. Ng4 b4 23. axb4 Ne5 24. Ngxe5 dxe5 25. Qb3 Rxd1+ 26. Qxd1 Qb5 27. Qd5
Qxd5 28. exd5 Bd6 29. Nxe5 Bxe5 30. Re1 Kd7 31. Rxe5 Kd6 32. Rf5 Re8 33. Kf1
Re7 34. f3 b5 35. Kf2 g6 36. Rf4 Kxd5 37. h4 f5 38. g4 Ke5 39. Kg3 h5 0-1

[Event "XIV Festival A"]
[Site "Campobasso ITA"]
[Date "2007.07.22"]
[Round "5"]
[White "Gromovs, Sergejs"]
[Black "Lazarev, Vladimir"]
[Result "0-1"]
[WhiteElo "2368"]
[BlackElo "2498"]
[PlyCount "52"]
[EventDate "2007.07.20"]

1. d4 Nf6 2. c4 c5 3. e3 g6 4. Nc3 Bg7 5. Nf3 O-O 6. Be2 cxd4 7. exd4 d5 8.
cxd5 Nxd5 9. O-O Nc6 10. h3 b6 11. Bc4 Nxc3 12. bxc3 Na5 13. Bd3 Bb7 14. Re1
Rc8 15. Bg5 Rc7 16. Rc1 Re8 17. h4 Qc8 18. Bb5 Bc6 19. Bxc6 Nxc6 20. h5 Na5 21.
hxg6 hxg6 22. Qd3 Nc4 23. g3 Qd7 24. Kg2 Qd5 25. Re4 e5 26. Rh1 f5 0-1

[Event "XIV Festival A"]
[Site "Campobasso ITA"]
[Date "2007.07.22"]
[Round "5"]
[White "Guccione, Daniele"]
[Black "Palladino, Andrea"]
[Result "0-1"]
[WhiteElo "1879"]
[BlackElo "1980"]
[PlyCount "116"]
[EventDate "2007.07.20"]

1. e4 e5 2. Nf3 Nc6 3. Bb5 a6 4. Bxc6 dxc6 5. Nc3 Qd6 6. d4 exd4 7. Nxd4 Bd7 8.
O-O O-O-O 9. Be3 Qg6 10. Qe2 Nh6 11. f3 Bd6 12. Rad1 Rhe8 13. Nb3 Qh5 14. Rxd6
cxd6 15. Bb6 f5 16. Qf2 fxe4 17. Bxd8 Kxd8 18. Qb6+ Kc8 19. Nxe4 Nf7 20. c4 Re7
21. Na5 Be8 22. b4 Qe5 23. a4 g5 24. b5 axb5 25. cxb5 c5 26. Rd1 g4 27. Qa7
gxf3 28. Qa8+ Kd7 29. Qxb7+ Ke6 30. Nxc5+ Qxc5+ 31. Kh1 Rxb7 32. Nxb7 Qc2 33.
Re1+ Kf6 34. gxf3 Ne5 35. Nxd6 Bh5 36. Ne4+ Ke7 37. Ng5 Qf5 38. h4 Bxf3+ 39.
Nxf3 Qxf3+ 40. Kg1 Kd6 41. b6 Qg3+ 42. Kf1 Qxh4 43. Rd1+ Kc6 44. a5 Qc4+ 45.
Kg1 Qg4+ 46. Kf2 Qxd1 47. Ke3 Qd3+ 48. Kf4 Qa6 49. Kxe5 Qxa5+ 50. Ke4 Qxb6 51.
Kf5 Qe3 52. Kg4 Qf2 53. Kg5 Kd5 54. Kg4 Ke4 55. Kg5 Qf5+ 56. Kh4 Qg6 57. Kh3
Kf3 58. Kh2 Qg2# 0-1

[Event "XIV Festival A"]
[Site "Campobasso ITA"]
[Date "2007.07.22"]
[Round "5"]
[White "Merendino, Riccardo"]
[Black "Iodice, Fabio"]
[Result "1/2-1/2"]
[WhiteElo "1879"]
[BlackElo "1986"]
[PlyCount "43"]
[EventDate "2007.07.20"]

1. e4 d5 2. exd5 Qxd5 3. d4 Nf6 4. Nc3 Qd6 5. Nf3 a6 6. h3 b5 7. Bd3 Bb7 8. a3
Nbd7 9. O-O g6 10. Re1 Bg7 11. Bg5 O-O 12. Bh4 e6 13. Bg3 Qb6 14. Bf1 Rad8 15.
Ne5 Nxe5 16. Bxe5 c5 17. dxc5 Qxc5 18. Qe2 Rd7 19. Bxf6 Bxf6 20. Ne4 Bxe4 21.
Qxe4 Qd5 22. Qb4 1/2-1/2

[Event "XIV Festival A"]
[Site "Campobasso ITA"]
[Date "2007.07.22"]
[Round "5"]
[White "Mrdja, Milan"]
[Black "Fezza, Davide"]
[Result "1-0"]
[WhiteElo "2385"]
[BlackElo "2058"]
[PlyCount "91"]
[EventDate "2007.07.20"]

1. e4 c5 2. Nf3 e6 3. d4 cxd4 4. Nxd4 a6 5. Nc3 Qc7 6. Bd3 Bc5 7. Nb3 Be7 8.
Qg4 Kf8 9. Qe2 d6 10. f4 Bh4+ 11. g3 Be7 12. Be3 Nd7 13. Nd4 b5 14. a3 Ngf6 15.
g4 Nc5 16. g5 Nfd7 17. O-O g6 18. Rae1 Nb6 19. Qf2 Ke8 20. Nb3 Bb7 21. Bd4 Rg8
22. Qg3 Rd8 23. Na5 Ba8 24. Nb3 d5 25. Qf2 dxe4 26. Bxb5+ axb5 27. Bxc5 Qc6 28.
Be3 Nc4 29. Nd1 Rd5 30. c3 Bxg5 31. Nd4 Qc5 32. fxg5 Rxg5+ 33. Kh1 Rf5 34. Nxf5
gxf5 35. Bxc5 e3+ 36. Qf3 Bxf3+ 37. Rxf3 e2 38. Nf2 Nd2 39. Re3 Nb3 40. Rg1
Rxg1+ 41. Kxg1 Nxc5 42. Rxe2 Kd7 43. Re3 Na4 44. Nd3 Kd6 45. Kf2 Kd5 46. b3 1-0

[Event "XIV Festival A"]
[Site "Campobasso ITA"]
[Date "2007.07.22"]
[Round "5"]
[White "Parrella, Alfredo"]
[Black "Parrini, Daniele"]
[Result "1/2-1/2"]
[WhiteElo "2137"]
[BlackElo "2026"]
[PlyCount "92"]
[EventDate "2007.07.20"]

1. d4 Nf6 2. c4 g6 3. Nc3 d5 4. cxd5 Nxd5 5. e4 Nxc3 6. bxc3 Bg7 7. Be3 c5 8.
Qd2 Qa5 9. Rc1 cxd4 10. cxd4 Qxd2+ 11. Bxd2 O-O 12. Nf3 Nc6 13. d5 Nd4 14. Nxd4
Bxd4 15. Bh6 Rd8 16. Bc4 Bd7 17. O-O b5 18. Rfd1 Bb2 19. Rc2 Bf6 20. Bb3 Rac8
21. Rdc1 Rxc2 22. Rxc2 Rc8 23. Rxc8+ Bxc8 24. Kf1 e6 25. Ke2 exd5 26. exd5 Bg7
27. Be3 a5 28. Bc5 a4 29. Bc2 Bf8 30. Bxf8 Kxf8 31. a3 Ke7 32. Bd3 Bd7 33. Ke3
Kd6 34. Kd4 h6 35. f4 Be8 36. f5 gxf5 37. Bxf5 f6 38. Bd3 Bd7 39. g3 Be8 40.
Be2 Bd7 41. Bh5 Bh3 42. Be8 Bf1 43. Bc6 Bc4 44. h4 Be2 45. Ke3 Bc4 46. Kd4 Be2
1/2-1/2

[Event "XIV Festival A"]
[Site "Campobasso ITA"]
[Date "2007.07.22"]
[Round "5"]
[White "Piro, Valerio"]
[Black "Caporale, Giuseppe Guido"]
[Result "0-1"]
[WhiteElo "2096"]
[BlackElo "1850"]
[PlyCount "68"]
[EventDate "2007.07.20"]

1. c4 e5 2. Nc3 Nf6 3. Nf3 Nc6 4. e3 Bb4 5. Qc2 d6 6. Nd5 a5 7. Bd3 h6 8. Nh4
O-O 9. Nf5 Be6 10. Be4 Bc5 11. a3 Kh8 12. h3 Ng8 13. g4 Rb8 14. b3 Qd7 15. Bb2
Nce7 16. d4 exd4 17. exd4 Bxd5 18. dxc5 Bxe4 19. Bxg7+ Kh7 20. Qxe4 Nxf5 21.
O-O-O Kxg7 22. gxf5 Nf6 23. Qd4 Qxf5 24. cxd6 Rbd8 25. Qc3 Qf4+ 26. Kb2 Rxd6
27. Rhg1+ Kh8 28. Rxd6 cxd6 29. Re1 Qxf2+ 30. Kb1 b6 31. Re3 Rg8 32. Re1 Rg2
33. Re8+ Kg7 34. Re1 Rg3 0-1

[Event "XIV Festival A"]
[Site "Campobasso ITA"]
[Date "2007.07.22"]
[Round "5"]
[White "Stoyko, Maksym"]
[Black "Safranska, Anda"]
[Result "0-1"]
[WhiteElo "2129"]
[BlackElo "2301"]
[PlyCount "73"]
[EventDate "2007.07.20"]

1. e4 g6 2. d4 Bg7 3. Nc3 c6 4. Nf3 d5 5. h3 Nh6 6. Bf4 f6 7. Be2 a6 8. a4 b6
9. O-O O-O 10. Re1 Nf7 11. Bf1 a5 12. exd5 cxd5 13. Bb5 g5 14. Bg3 e6 15. Ne2
Nd6 16. Bxd6 Qxd6 17. c4 Nc6 18. Nc3 Nb4 19. Qe2 Ra7 20. Rad1 Kh8 21. Nh2 Rc7
22. Ng4 Qd8 23. Nh2 Rg8 24. Ng4 Rf8 25. Nh2 dxc4 26. Bxc4 Nc2 27. Qxc2 Rxc4 28.
Qe2 Rxd4 29. Nf3 Rxd1 30. Rxd1 Qc7 31. Nd4 e5 32. Ndb5 Qc5 33. Nd5 Be6 34. Nbc3
f5 35. Qh5 g4 36. hxg4 fxg4 37. Ne3 0-1

[Event "XIV Festival A"]
[Site "Campobasso ITA"]
[Date "2007.07.22"]
[Round "5"]
[White "Vuelban, Virgilio"]
[Black "Scalcione, Michelangelo"]
[Result "0-1"]
[WhiteElo "2332"]
[BlackElo "2288"]
[PlyCount "98"]
[EventDate "2007.07.20"]

1. e4 d6 2. d4 Nf6 3. Nc3 e5 4. Nge2 exd4 5. Nxd4 Be7 6. g3 d5 7. e5 Ng4 8. Bf4
g5 9. e6 h5 10. exf7+ Kxf7 11. h3 gxf4 12. hxg4 Bf6 13. gxh5 Re8+ 14. Be2 c5
15. Nf3 d4 16. Nb1 c4 17. Kf1 d3 18. cxd3 Bxb2 19. Nbd2 Rxe2 20. Kxe2 Qxd3+ 21.
Ke1 Nc6 22. Ng5+ Kf8 23. Nde4 Bxa1 24. Qxd3 cxd3 25. Kd2 Bh8 26. gxf4 Bg4 27.
Rg1 Be2 28. h6 Ke7 29. Rb1 b6 30. Rc1 Kd7 31. f5 Rf8 32. f6 Ne5 33. f4 Nf7 34.
Rc4 Bg4 35. Rd4+ Kc6 36. Rxd3 Nxh6 37. Rc3+ Kd5 38. Rd3+ Kc6 39. Rc3+ Kb7 40.
Rd3 Kb8 41. Nh7 Re8 42. Neg5 Bf5 43. Rd5 Bb1 44. a3 Kc7 45. Re5 Bg6 46. f7 Rd8+
47. Ke1 Bxe5 48. Ne6+ Kc8 49. Nxd8 Bc3+ 0-1

[Event "XIV Festival A"]
[Site "Campobasso ITA"]
[Date "2007.07.22"]
[Round "6"]
[White "Basaric, Srdjan"]
[Black "Canelli, Daniele"]
[Result "1-0"]
[WhiteElo "2020"]
[BlackElo "2054"]
[PlyCount "91"]
[EventDate "2007.07.20"]

1. e4 Nc6 2. Nf3 e5 3. Bb5 d6 4. d4 Bd7 5. O-O exd4 6. Nxd4 Nxd4 7. Bxd7+ Qxd7
8. Qxd4 Ne7 9. Be3 Nc6 10. Qd2 Be7 11. Nc3 O-O 12. Nd5 Ne5 13. Bd4 Ng6 14. Qc3
f6 15. Qb3 Kh8 16. Qxb7 Rfc8 17. b3 Bd8 18. Bxa7 Qg4 19. f3 Qg5 20. f4 Qg4 21.
Ne3 Qd7 22. a4 Qe8 23. a5 c6 24. Nf5 Bc7 25. Ng3 Qd8 26. Bb6 Rab8 27. Bxc7 Rxc7
28. Qa6 Rb5 29. Ne2 Qd7 30. Nd4 Rb8 31. Qd3 Ne7 32. Rfd1 c5 33. Nf3 Rd8 34. e5
fxe5 35. fxe5 d5 36. Ng5 Ng6 37. e6 Qe8 38. Nf7+ Rxf7 39. exf7 Qxf7 40. a6 Qa7
41. Qf5 c4+ 42. Qf2 d4 43. bxc4 h6 44. c3 Rd6 45. Rxd4 Rxa6 46. Rd8+ 1-0

[Event "XIV Festival A"]
[Site "Campobasso ITA"]
[Date "2007.07.22"]
[Round "6"]
[White "Bitossi, Massimo"]
[Black "Fagnani, Alessandro"]
[Result "1-0"]
[WhiteElo "1892"]
[BlackElo "1860"]
[PlyCount "67"]
[EventDate "2007.07.20"]

1. d4 d5 2. Nc3 Nf6 3. e4 dxe4 4. f3 exf3 5. Nxf3 Bg4 6. h3 Bh5 7. g4 Bg6 8.
Ne5 e6 9. Qf3 c6 10. g5 Nd5 11. Bd3 Qc7 12. O-O Bb4 13. Nxd5 cxd5 14. Bxg6 fxg6
15. Qg4 Qd6 16. Nf7 Qe7 17. Nxh8 Nc6 18. c3 Ba5 19. Nf7 Bc7 20. Bd2 Kd7 21. Bf4
Bxf4 22. Qxf4 Rf8 23. Ne5+ Nxe5 24. Qxf8 Qxg5+ 25. Kh1 Qh6 26. Rf7+ Nxf7 27.
Qxf7+ Kd6 28. Qf3 Qd2 29. Qg2 Qd3 30. Rf1 h6 31. Kh2 Ke7 32. Qf3 Qc2+ 33. Rf2
Qa4 34. Qf8+ 1-0

[Event "XIV Festival A"]
[Site "Campobasso ITA"]
[Date "2007.07.22"]
[Round "6"]
[White "Bocci, Alessandro"]
[Black "Grasso, Nino"]
[Result "1/2-1/2"]
[WhiteElo "1929"]
[BlackElo "1981"]
[PlyCount "80"]
[EventDate "2007.07.20"]

1. d4 Nf6 2. c4 c5 3. d5 b5 4. cxb5 a6 5. b6 Qxb6 6. Nc3 g6 7. Nf3 Bg7 8. e4 d6
9. a4 a5 10. Be2 Ba6 11. O-O O-O 12. Re1 Nbd7 13. Qc2 Rfb8 14. Bxa6 Rxa6 15. e5
Nxe5 16. Nxe5 dxe5 17. Rxe5 Ng4 18. Re4 Nf6 19. Rxe7 Qd6 20. Qe2 Rab6 21. g3
Kf8 22. Ra7 Nxd5 23. Nxd5 Qxd5 24. Qe7+ Kg8 25. Rd7 Bf6 26. Bh6 Rxb2 27. Rxd5
Bxe7 28. Re1 Rb1 29. Rxb1 Rxb1+ 30. Kg2 f5 31. Be3 Rb4 32. Bxc5 Bxc5 33. Rxc5
Rxa4 34. Rc7 Ra1 35. h4 a4 36. Ra7 a3 37. Kh2 a2 38. Kg2 Kf8 39. Kh2 Ke8 40.
Kg2 Kf8 1/2-1/2

[Event "XIV Festival A"]
[Site "Campobasso ITA"]
[Date "2007.07.22"]
[Round "6"]
[White "Borino, Paolo"]
[Black "Di Lascio, Savino"]
[Result "0-1"]
[WhiteElo "1968"]
[BlackElo "2014"]
[PlyCount "100"]
[EventDate "2007.07.20"]

1. f4 g6 2. e4 e5 3. Nf3 d6 4. Bc4 Be6 5. Bxe6 fxe6 6. fxe5 dxe5 7. O-O Bg7 8.
Nc3 Nc6 9. d3 Nd4 10. Ng5 Bf6 11. Nf3 Qe7 12. Be3 O-O-O 13. a4 a6 14. Rb1 Qb4
15. Nd2 Rf8 16. Nc4 Ne7 17. Qd2 Nec6 18. Bh6 Rf7 19. Rf2 b5 20. axb5 axb5 21.
Ne3 Qc5 22. Rbf1 b4 23. Na4 Qa7 24. b3 Bg7 25. Bxg7 Rxg7 26. Rf8+ Rxf8 27.
Rxf8+ Kb7 28. Kh1 Nb5 29. c4 Nbd4 30. Qa2 Nxb3 31. Nd1 Nba5 32. Ndc3 Qe3 33.
Qb1 Rd7 34. Nb5 b3 35. d4 Rd8 36. Rf3 Qe2 37. Nc5+ Kc8 38. Nxe6 Nxd4 39. Nbxd4
exd4 40. Nxd8 Nxc4 41. Rxb3 Kxd8 42. Rb8+ Ke7 43. Qb4+ Nd6 44. Qb1 Nxe4 45. Rb2
Nd2 46. Qg1 c5 47. Ra2 Kd6 48. h3 Kd5 49. Ra1 Ne4 50. Re1 Qf2 0-1